Mali : Joint Staff Assessment of Poverty Reduction Strategy Paper.

This paper presents the Joint Staff Assessment of the Poverty Reduction Strategy Paper (PRSP) for Mali. The PRSP finalized by the Malian authorities in May 2002 presents a credible policy framework to reduce poverty. The PRSP acknowledges the need for further work to systematize participation and co...

Повний опис

Бібліографічні деталі
Співавтор: International Monetary Fund
Формат: Журнал
Мова:English
Опубліковано: Washington, D.C. : International Monetary Fund, 2003.
Серія:IMF Staff Country Reports; Country Report ; No. 2003/057
Онлайн доступ:Full text available on IMF
LEADER 01622cas a2200241 a 4500
001 AALejournalIMF002339
008 230101c9999 xx r poo 0 0eng d
020 |c 5.00 USD 
020 |z 9781451826296 
022 |a 1934-7685 
040 |a BD-DhAAL  |c BD-DhAAL 
110 2 |a International Monetary Fund. 
245 1 0 |a Mali :   |b Joint Staff Assessment of Poverty Reduction Strategy Paper. 
264 1 |a Washington, D.C. :  |b International Monetary Fund,  |c 2003. 
300 |a 1 online resource (13 pages) 
490 1 |a IMF Staff Country Reports 
500 |a <strong>Off-Campus Access:</strong> No User ID or Password Required 
500 |a <strong>On-Campus Access:</strong> No User ID or Password Required 
506 |a Electronic access restricted to authorized BRAC University faculty, staff and students 
520 3 |a This paper presents the Joint Staff Assessment of the Poverty Reduction Strategy Paper (PRSP) for Mali. The PRSP finalized by the Malian authorities in May 2002 presents a credible policy framework to reduce poverty. The PRSP acknowledges the need for further work to systematize participation and consensus building in the management of public affairs and to strengthen and sustain the consultation process with the poor. The authorities have started addressing these needs by reorienting the working groups and other institutional structures that prepared the PRSP. 
538 |a Mode of access: Internet 
830 0 |a IMF Staff Country Reports; Country Report ;  |v No. 2003/057 
856 4 0 |z Full text available on IMF  |u http://elibrary.imf.org/view/journals/002/2003/057/002.2003.issue-057-en.xml  |z IMF e-Library